Statistiken für Länder, die an Iran grenzen

Klicken Sie hier um das Quiz zu spielen!

Allgemein

  • Dieses Quiz wurde 113 mal gespielt
  • Das Durchschnittsergebnis liegt bei 6 aus 7

Antwortstatistiken

Länge (km)Land% Korrekt
1'599Irak
100%
921Afghanistan
97%
959Pakistan
89%
1'148Turkmenistan
87%
534Türkei
80%
611Aserbaidschan
77%
44Armenien
75%

Verteilung der Resultate

Perzentil nach korrekt beantworteten Fragen

Anzahl Personen mit jedem Resultat

Ihre Resultats-Entwicklung

Sie haben dieses Quiz noch nicht gespielt